Koncentrace hotelů v Evropě se zrychluje
Koncentrácia jednotlivých ubytovacích zariadení do hotelových reťazcov je vo svetovom hotelovom priemysle trendom číslo jeden. Desať najvýznamnejších ubytovacích reťazcov.
Gespeichert in:
| 1. Verfasser: | |
|---|---|
| Format: | Buchkapitel |
| Sprache: | Tschechisch |
| Schlagworte: | |
| Tags: |
Keine Tags, Fügen Sie das erste Tag hinzu!
|
MARC
| LEADER | 00000naa a2200000 4500 | ||
|---|---|---|---|
| 001 | r039243 | ||
| 005 | 20230920100956.4 | ||
| 041 | 0 | |a cze | |
| 044 | |a CZ | ||
| 245 | 1 | 0 | |a Koncentrace hotelů v Evropě se zrychluje |c Dan Marčík |
| 520 | |a Koncentrácia jednotlivých ubytovacích zariadení do hotelových reťazcov je vo svetovom hotelovom priemysle trendom číslo jeden. Desať najvýznamnejších ubytovacích reťazcov. | ||
| 610 | 2 | 0 | |a hotely |
| 610 | 2 | 0 | |a hotelierstvo |
| 610 | 2 | 0 | |a zariadenia ubytovacie |
| 610 | 2 | 0 | |a globalizácia |
| 610 | 2 | 0 | |a koncentrácia |
| 100 | 1 | |a Marčík, Dan | |